header

Sharing public land in Marsabit county / (Record no. 257181)

MARC details
000 -LEADER
fixed length control field 00378nam a22001457a 4500
003 - CONTROL NUMBER IDENTIFIER
control field OSt
005 - DATE AND TIME OF LATEST TRANSACTION
control field 20180816095837.0
008 - FIXED-LENGTH DATA ELEMENTS--GENERAL INFORMATION
fixed length control field 180816b xxu||||| |||| 00| 0 eng d
020 ## - INTERNATIONAL STANDARD BOOK NUMBER
International Standard Book Number 9789966192844
040 ## - CATALOGING SOURCE
Transcribing agency n/a
050 ## - LIBRARY OF CONGRESS CALL NUMBER
Classification number KR3119
Item number .K42 2017
245 ## - TITLE STATEMENT
Title Sharing public land in Marsabit county /
Remainder of title secure land tenure research project
260 ## - PUBLICATION, DISTRIBUTION, ETC. (IMPRINT)
Date of publication, distribution, etc 2017
942 ## - ADDED ENTRY ELEMENTS (KOHA)
Source of classification or shelving scheme Library of Congress Classification
Koha item type Research and Special Collections

No items available.

© 2026 Rongo University
Contact us: librarian | system librarian | Rongo university